000 01289nam a2200265 a 4500
001 000037352
005 20200930080317.0
008 120328s1974 sp a 000 0 spa d
020 _a8450010543
040 _aDO-SdBNP
_bspa
_cBNPHU
082 _axxx
_bM379h
100 1 _aAlcina, Francisco Ignacio
_d1610-1674
_963815
245 1 3 _aLa historia de las islas e indios visayas del padre Alcina 1968 /
_cMa. Luisa Martín -Meras, Ma. Dolores Higueras.
260 _aMadrid :
_bInstituto Histórico de Marina,
_c1974.
300 _aCXXVIII, 4 h., 258 f. con lám. :
_bil., ;
_c24 cm.
500 _aReproducción facsimil de la "Historia de las islas e indios visayas del Padre Alcina 1668", que se conserva en el Museo Naval de Madrid.
500 _aIncluye referencias bibliográficas y notas al pie de las páginas.
504 _aBibliografía: p. 127-128
650 4 _aAntropología cultural y social
_zVisayas, Islas ( Filipinas, Islas {Rpara}
_ySIGLO XVII
_963816
650 4 _aCiencias naturales
_zVisayas, Islas ( Filipinas, Islas {Rpara}
_963817
651 4 _aVisayas, Islas ( Filipinas, Islas {Rpara}
_xDescripción Y Viajes
_ySIGLO XVII
_963818
700 1 2 _aaHigueras, Maria Dolores
_963819
700 1 2 _aHigueras, Ma. Dolores
_963820
910 _aValidado. Control de calidad MFF
999 _c36842
_d36842